00398nam a2200157Ia 4500003000900000008004100009020001800050040001600068080001700084100001700101245003500118260003400153300001500187650001900202650001900221IN-BaIIA211028s9999 xx 000 0 eng d a0-19-851121-3 cIIA Library a530.145bHOL aHolden, Alan 0aStationary StatescAlan Holden aOxfordbClarendon Pressc1971 aviii, 58p. aAtomic physics aNASA Thesaurus